Name that Kpop Group - Statistics

General Stats
  • This quiz has been taken 14,397 times
  • The average score is 9 of 20
Answer Stats
Hint Answer % Correct
Boy in Luv BTS
97%
Growl Exo
94%
Fantastic Baby Bigbang
85%
Up&Down EXID
78%
Electric Shock f(x)
66%
Like a Cat AOA
61%
Hush Miss A
54%
Wow BtoB
46%
So Cool Sistar
46%
Tell me your wish SNSD
45%
Sugarfree T-ara
45%
Error VIXX
41%
Missing You 2ne1
31%
Expectation Girl's day
30%
Solo Day B1a4
22%
Follow Me Got7
21%
Goodmorning baby Apink
19%
Only gained Weight 4minute
17%
Vistar Fiestar
8%
Goodnight like Yesterday Lovelyz
8%
No matching quizzes found
Score Distribution
Percent of People with Each Score
Percentile by Number Answered
Your Score History
You have not taken this quiz